[Event "BL 8889 Bochum-Bielefeld"]
[Site "?"]
[Date "1988.??.??"]
[Round "?.1"]
[White "Marjanovic, S."]
[Black "Graf, J."]
[Result "1/2-1/2"]
[WhiteElo "2485"]
[BlackElo "2405"]
[PlyCount "40"]
[EventDate "1988.??.??"]

1. e4 Nf6 2. e5 Nd5 3. d4 d6 4. Nf3 Bg4 5. Be2 e6 6. h3 Bh5 7. O-O Be7 8. c4
Nb6 9. Be3 Nc6 10. exd6 cxd6 11. d5 exd5 12. cxd5 Bxf3 13. Bxf3 Ne5 14. Be2 O-O
15. Qb3 Rc8 16. Nd2 Ned7 17. Ne4 f5 18. Nc3 Bf6 19. Rac1 a6 20. Bd3 f4 1/2-1/2

[Event "BL 8889 Bochum-Bielefeld"]
[Site "?"]
[Date "1988.??.??"]
[Round "?.2"]
[White "Sonntag, H."]
[Black "Pieper Emden, C."]
[Result "1/2-1/2"]
[WhiteElo "2380"]
[BlackElo "2345"]
[PlyCount "29"]
[EventDate "1988.??.??"]

1. d4 d5 2. c4 c6 3. Nf3 Nf6 4. e3 a6 5. Nc3 b5 6. cxd5 cxd5 7. Ne5 e6 8. Bd3
Nbd7 9. f4 Bb7 10. O-O Be7 11. Bd2 Ne4 12. Nxd7 Qxd7 13. Nxe4 dxe4 14. Be2 O-O
15. Ba5 1/2-1/2

[Event "BL 8889 Bochum-Bielefeld"]
[Site "?"]
[Date "1988.??.??"]
[Round "?.3"]
[White "Baumhus, R."]
[Black "Beckemeyer, W."]
[Result "1-0"]
[WhiteElo "2335"]
[BlackElo "2380"]
[PlyCount "51"]
[EventDate "1988.??.??"]

1. e4 e5 2. Nf3 Nc6 3. Bb5 a6 4. Ba4 Nf6 5. Nc3 b5 6. Bb3 Be7 7. d3 d6 8. a4 b4
9. Nd5 Bg4 10. Be3 Rb8 11. a5 O-O 12. Bc4 Qc8 13. h3 Nxd5 14. exd5 Bxf3 15.
Qxf3 Nd4 16. Bxd4 exd4 17. O-O Qb7 18. Rfe1 Bf6 19. Re2 Rbe8 20. Rae1 Re5 21.
Rxe5 dxe5 22. Qf5 c6 23. d6 h6 24. f4 exf4 25. d7 Qb8 26. Qg6 1-0

[Event "BL 8889 Bochum-Bielefeld"]
[Site "?"]
[Date "1988.??.??"]
[Round "?.4"]
[White "Vatter, H."]
[Black "Gruen, G."]
[Result "1-0"]
[WhiteElo "2335"]
[BlackElo "2380"]
[PlyCount "111"]
[EventDate "1988.??.??"]

1. d4 Nf6 2. Nf3 e6 3. Bf4 c5 4. c3 Nc6 5. e3 Be7 6. h3 O-O 7. Nbd2 cxd4 8.
exd4 d6 9. Be2 b6 10. O-O Bb7 11. Re1 Re8 12. Rc1 a6 13. Nf1 Nd5 14. Bh2 b5 15.
Bd3 g6 16. Ne3 Nxe3 17. fxe3 Bf8 18. e4 e5 19. d5 Nb8 20. Qd2 Nd7 21. Bg3 Nf6
22. Bh4 Be7 23. Rf1 Nxd5 24. Bxe7 Rxe7 25. exd5 e4 26. Bxe4 Rxe4 27. Ng5 Qb6+
28. Kh1 Re7 29. b3 Qe3 30. Qxe3 Rxe3 31. Nxh7 f5 32. Rfe1 Re5 33. Nf6+ Kg7 34.
Nd7 Re4 35. Rxe4 fxe4 36. c4 bxc4 37. bxc4 Bc8 38. Nb6 Rb8 39. Rb1 Kf7 40. Kg1
a5 41. Kf2 Bf5 42. Ke3 g5 43. Rb3 Rg8 44. g4 Bg6 45. Kd4 Rh8 46. Na4 Ke7 47.
Rb7+ Kf8 48. Rb8+ Be8 49. Nc3 e3 50. Kxe3 Rxh3+ 51. Kd4 Ke7 52. Ne4 Rh4 53.
Rb7+ Bd7 54. c5 dxc5+ 55. Nxc5 Rxg4+ 56. Ke5 1-0

[Event "BL 8889 Bochum-Bielefeld"]
[Site "?"]
[Date "1988.??.??"]
[Round "?.5"]
[White "Peist, J."]
[Black "Backwinkel, P."]
[Result "1/2-1/2"]
[WhiteElo "2350"]
[BlackElo "2315"]
[PlyCount "20"]
[EventDate "1988.??.??"]

1. g3 d5 2. Bg2 c6 3. d3 Nf6 4. Nd2 e5 5. e4 dxe4 6. dxe4 Bc5 7. Ngf3 Bg4 8.
O-O Nbd7 9. h3 Bxf3 10. Qxf3 O-O 1/2-1/2

[Event "BL 8889 Bochum-Bielefeld"]
[Site "?"]
[Date "1988.??.??"]
[Round "?.6"]
[White "Ueter, H."]
[Black "Beilfuss, W."]
[Result "1-0"]
[WhiteElo "2275"]
[BlackElo "2255"]
[PlyCount "63"]
[EventDate "1988.??.??"]

1. e4 g6 2. d4 Bg7 3. Nf3 d6 4. Nc3 Nf6 5. Be2 O-O 6. O-O Bg4 7. Be3 Nc6 8. h3
Bxf3 9. Bxf3 e5 10. d5 Ne7 11. Qd2 Nd7 12. a4 f5 13. Bg5 Bf6 14. a5 Bxg5 15.
Qxg5 Nf6 16. a6 b6 17. Qd2 Qd7 18. Qd3 Kg7 19. Rfe1 Neg8 20. Nb5 fxe4 21. Bxe4
Nxe4 22. Rxe4 Qf7 23. Rc4 Qxf2+ 24. Kh1 Kh8 25. Rxc7 Rf4 26. Rc4 Raf8 27. Rxf4
Qxf4 28. Nxa7 e4 29. Qd4+ Nf6 30. Kg1 Kg7 31. Nb5 Kh6 32. Rf1 1-0

[Event "BL 8889 Porz-Solingen"]
[Site "?"]
[Date "1988.??.??"]
[Round "?.1"]
[White "Spassky, B."]
[Black "Hort, V."]
[Result "1/2-1/2"]
[WhiteElo "2560"]
[BlackElo "2595"]
[PlyCount "28"]
[EventDate "1988.??.??"]

1. e4 c5 2. Nc3 Nc6 3. Bb5 g6 4. Bxc6 bxc6 5. d3 d6 6. Be3 Bg7 7. Qd2 Rb8 8.
Rb1 e5 9. Nge2 Nf6 10. h3 Be6 11. Bh6 O-O 12. Bxg7 Kxg7 13. f4 exf4 14. Nxf4 d5
1/2-1/2

[Event "BL 8889 Porz-Solingen"]
[Site "?"]
[Date "1988.??.??"]
[Round "?.3"]
[White "Lobron, E."]
[Black "Fedorowicz, J."]
[Result "1/2-1/2"]
[WhiteElo "2530"]
[BlackElo "2520"]
[PlyCount "78"]
[EventDate "1988.??.??"]

1. Nf3 Nf6 2. c4 g6 3. g3 Bg7 4. Bg2 O-O 5. O-O c5 6. d4 Nc6 7. Nc3 cxd4 8.
Nxd4 Nxd4 9. Qxd4 d6 10. Qd3 Bf5 11. e4 Be6 12. Bd2 Nd7 13. b3 Nc5 14. Qe3 a6
15. Rac1 b5 16. Nd5 bxc4 17. Rxc4 Bd7 18. e5 Re8 19. Rh4 Rc8 20. Bc3 h5 21. Qd2
Bc6 22. Ba5 Qd7 23. Bh3 Qa7 24. exd6 exd6 25. Bxc8 Rxc8 26. Bc3 Bxc3 27. Nxc3
Qb7 28. Rd4 Bh1 29. f3 Bxf3 30. Rf4 Ne4 31. Nxe4 Bxe4 32. Rxf7 Qb6+ 33. Qf2 Rc2
34. Rf8+ Kg7 35. Rf7+ Kg8 36. Rf8+ Kg7 37. Qxb6 Rg2+ 38. Kh1 Rf2+ 39. Kg1 Rg2+
1/2-1/2

[Event "BL 8889 Porz-Solingen"]
[Site "?"]
[Date "1988.??.??"]
[Round "?.4"]
[White "Schoen, W."]
[Black "Lau, R."]
[Result "1/2-1/2"]
[WhiteElo "2430"]
[BlackElo "2495"]
[PlyCount "20"]
[EventDate "1988.??.??"]

1. Nf3 g6 2. c4 Bg7 3. Nc3 e5 4. g3 Ne7 5. Bg2 O-O 6. O-O d6 7. d3 h6 8. Rb1 f5
9. Ne1 Nd7 10. Nc2 Nf6 1/2-1/2

[Event "BL 8889 Porz-Solingen"]
[Site "?"]
[Date "1988.??.??"]
[Round "?.5"]
[White "Schulte, O."]
[Black "Fleck, J."]
[Result "1/2-1/2"]
[WhiteElo "2430"]
[BlackElo "2415"]
[PlyCount "91"]
[EventDate "1988.??.??"]

1. d4 d5 2. c4 c6 3. Nf3 Nf6 4. Nc3 e6 5. cxd5 exd5 6. Qc2 Be7 7. Bg5 g6 8. e4
dxe4 9. Bxf6 Bxf6 10. Qxe4+ Qe7 11. Bc4 Bf5 12. Qxe7+ Kxe7 13. O-O Rd8 14.
Rfe1+ Kf8 15. Rad1 Nd7 16. h3 h5 17. Bb3 Re8 18. Re3 Rxe3 19. fxe3 Re8 20. Kf2
Kg7 21. Re1 g5 22. e4 Bg6 23. g4 hxg4 24. hxg4 Bd8 25. e5 Nf8 26. Ne4 Bxe4 27.
Rxe4 Ng6 28. Re1 Nf4 29. Rh1 c5 30. dxc5 Nd3+ 31. Kg2 Nxc5 32. Bd5 b6 33. Rd1
Bc7 34. b4 Na6 35. a3 Bxe5 36. Nxg5 Bf4 37. Bxf7 Re2+ 38. Kf3 Rd2 39. Rxd2 Bxd2
40. Ne4 Bc1 41. Bc4 Nb8 42. a4 Nc6 43. Nd6 Nxb4 44. Nc8 Nc6 45. Ke4 Kf6 46. Bd5
1/2-1/2

[Event "BL 8889 Porz-Solingen"]
[Site "?"]
[Date "1988.??.??"]
[Round "?.6"]
[White "Lutz, C."]
[Black "Zysk, R."]
[Result "0-1"]
[WhiteElo "2380"]
[BlackElo "2395"]
[PlyCount "68"]
[EventDate "1988.??.??"]

1. d4 f5 2. g3 Nf6 3. Bg2 g6 4. Nh3 Bg7 5. O-O O-O 6. c4 d6 7. d5 Na6 8. Nc3
Bd7 9. Re1 c6 10. Rb1 Nc5 11. Be3 Nce4 12. Nxe4 Nxe4 13. Ng5 Nf6 14. c5 Ng4 15.
Qb3 Kh8 16. Bd2 dxc5 17. Qxb7 Rb8 18. Qxa7 cxd5 19. Ba5 Qc8 20. Bxd5 e6 21. Bg2
h6 22. Nh3 Be8 23. Red1 Rf7 24. Qxb8 Qxb8 25. Nf4 Qb5 26. Be1 Rd7 27. Rdc1 Bf7
28. b3 Ne5 29. a4 Qb6 30. a5 Qb5 31. Bf1 g5 32. Ng2 Ra7 33. Rd1 Bf6 34. Ne3 Kg7
{.../43/} 0-1

[Event "BL 8889 Porz-Solingen"]
[Site "?"]
[Date "1988.??.??"]
[Round "?.7"]
[White "Schneider, B1."]
[Black "Ostermeyer, P."]
[Result "1-0"]
[WhiteElo "2365"]
[BlackElo "2450"]
[PlyCount "107"]
[EventDate "1988.??.??"]

1. c4 e5 2. g3 Nf6 3. Bg2 d5 4. cxd5 Nxd5 5. Nc3 Nb6 6. Nf3 Nc6 7. O-O Be7 8.
a3 O-O 9. b4 Be6 10. d3 Nd4 11. Nd2 Nd5 12. Bb2 Nxc3 13. Bxc3 Bd5 14. Nc4 Bxg2
15. Kxg2 b5 16. Nxe5 Qd5+ 17. Nf3 Nxf3 18. exf3 Rfd8 19. Re1 Bf8 20. d4 a6 21.
Re5 Qc4 22. Rc1 Bd6 23. Re3 Qd5 24. Qc2 a5 25. Qe4 Bf8 26. Qxd5 Rxd5 27. Re5
Rxe5 28. dxe5 g6 29. Be1 axb4 30. Bxb4 Bxb4 31. axb4 Ra4 32. Rxc7 Rxb4 33. f4
h5 34. Rb7 Rb2 35. h3 Kf8 36. g4 h4 37. f5 gxf5 38. gxf5 Ke8 39. Kf3 Rb4 40. f6
Ra4 41. Rxb5 Kd7 42. Rb6 Rc4 43. Rd6+ Ke8 44. Ke3 Ra4 45. f3 Ra1 46. Kf4 Rg1
47. Kf5 Rg3 48. f4 Rxh3 49. Ra6 Rd3 50. Ra8+ Rd8 51. Rxd8+ Kxd8 52. Kg4 Kd7 53.
Kxh4 Ke6 54. Kg5 1-0

[Event "BL 8889 Porz-Solingen"]
[Site "?"]
[Date "1988.??.??"]
[Round "?.8"]
[White "Schulz, KJ."]
[Black "Dueball, J."]
[Result "1/2-1/2"]
[WhiteElo "2360"]
[BlackElo "2445"]
[PlyCount "36"]
[EventDate "1988.??.??"]

1. g3 Nf6 2. Bg2 e5 3. c4 c6 4. d4 exd4 5. Qxd4 d5 6. Nc3 Be6 7. cxd5 cxd5 8.
Nf3 Nc6 9. Qa4 Bc5 10. O-O O-O 11. Qb5 Qb6 12. Qxb6 Bxb6 13. Rd1 Ne4 14. Nxe4
dxe4 15. Ng5 Bc4 16. Bxe4 h6 17. Nf3 Bxe2 18. Re1 Ba6 1/2-1/2

[Event "BL 8889 Bochum-Lasker"]
[Site "?"]
[Date "1988.??.??"]
[Round "?.1"]
[White "Brunner, L."]
[Black "Graf, J."]
[Result "1-0"]
[WhiteElo "2425"]
[BlackElo "2405"]
[PlyCount "131"]
[EventDate "1988.??.??"]

1. e4 Nf6 2. e5 Nd5 3. d4 d6 4. Nf3 g6 5. Bc4 Nb6 6. Bb3 Bg7 7. Ng5 e6 8. Qf3
Qe7 9. Ne4 dxe5 10. Bg5 Qb4+ 11. c3 Qa5 12. Bf6 Bxf6 13. Qxf6 O-O 14. Qxe5 Qxe5
15. dxe5 N6d7 16. f4 b6 17. Nbd2 Na6 18. O-O-O Nac5 19. Bc2 Ba6 20. Nb3 Bb7 21.
Nbxc5 Nxc5 22. Nf6+ Kg7 23. b4 Na6 24. h4 h5 25. Rhg1 Rfd8 26. g4 Rxd1+ 27.
Bxd1 hxg4 28. Bxg4 Rh8 29. h5 c5 30. hxg6 Rh1 31. Rxh1 Bxh1 32. gxf7 Kxf7 33.
a3 cxb4 34. axb4 Nc7 35. Be2 Ke7 36. Kc2 Bg2 37. c4 Bc6 38. Kc3 Bg2 39. Bd3 Bf3
40. Kd4 Bg2 41. Ng4 Na6 42. Ne3 Bf3 43. Nc2 Bd1 44. c5 bxc5+ 45. bxc5 Bxc2 46.
Bxa6 Kd7 47. Kc3 Be4 48. Kb4 Kc7 49. Bc4 Bf5 50. Kb5 Bg4 51. Bd3 Bf3 52. Bc4
Bg4 53. Kb4 Bf5 54. Bb5 Be4 55. Ka5 Bf3 56. Ka6 Kb8 57. f5 exf5 58. e6 f4 59.
e7 Bh5 60. e8=Q+ Bxe8 61. Bxe8 f3 62. Bc6 f2 63. Bg2 Kc7 64. Kb5 Kd7 65. Kc4
Kc7 66. Kd4 1-0

[Event "BL 8889 Bochum-Lasker"]
[Site "?"]
[Date "1988.??.??"]
[Round "?.2"]
[White "Thesing, M."]
[Black "Berg, K."]
[Result "1-0"]
[WhiteElo "2345"]
[BlackElo "2385"]
[PlyCount "135"]
[EventDate "1988.??.??"]

1. d4 Nf6 2. Nf3 g6 3. Bg5 Bg7 4. c3 O-O 5. Nbd2 d6 6. e4 Nc6 7. Bb5 a6 8. Bxc6
bxc6 9. O-O h6 10. Bh4 g5 11. Bg3 Nh5 12. Qe2 a5 13. Rfe1 Be6 14. Nc4 Qb8 15.
Ne3 Qb5 16. Qc2 Rab8 17. Re2 a4 18. Rd2 Rb7 19. Ne1 Rfb8 20. Nd3 Bc4 21. Nxc4
Qxc4 22. a3 Rb3 23. Qd1 Nxg3 24. hxg3 Qb5 25. Rc1 c5 26. dxc5 dxc5 27. Rcc2 Qb6
28. Qe2 Rb5 29. Ne1 Qe6 30. Nf3 c6 31. Nh2 c4 32. Nf3 c5 33. Nh2 R8b6 34. Rd5
Be5 35. Nf1 Bd6 36. Rdd2 Kg7 37. Ne3 Qxe4 38. Nxc4 Qxe2 39. Rxe2 Rb7 40. g4 Kf6
41. g3 Rb8 42. Rcd2 Rd8 43. Rd5 Kg6 44. Red2 f6 45. Kg2 Rdb8 46. Re2 Rd8 47. f4
gxf4 48. gxf4 Bc7 49. Rxd8 Bxd8 50. Kf3 Rb7 51. Re6 Kf7 52. Ra6 Rd7 53. Rxa4
Rd3+ 54. Ke4 Rd1 55. Ra7 Kg6 56. Ne3 Rd2 57. Rb7 h5 58. gxh5+ Kxh5 59. Rb5 e6
60. Nc4 Rd5 61. a4 Kh4 62. a5 Kg3 63. a6 Bc7 64. f5 Rxf5 65. Rb7 Bf4 66. a7 Bg5
67. Rg7 Rd5 68. Rxg5+ 1-0

[Event "BL 8889 Bochum-Lasker"]
[Site "?"]
[Date "1988.??.??"]
[Round "?.4"]
[White "Beckemeyer, W."]
[Black "Muse, M."]
[Result "0-1"]
[WhiteElo "2380"]
[BlackElo "2380"]
[PlyCount "90"]
[EventDate "1988.??.??"]

1. e4 c5 2. Nf3 Nc6 3. Nc3 e5 4. Bc4 Be7 5. d3 Nf6 6. Ng5 O-O 7. f4 exf4 8.
Bxf4 d6 9. O-O h6 10. Nf3 Be6 11. Qd2 d5 12. exd5 Nxd5 13. Bxd5 Bxd5 14. Bxh6
gxh6 15. Qxh6 Be6 16. Ne4 Bf5 17. Ng3 Bg6 18. Nh5 Bxh5 19. Qxh5 Qd6 20. Rae1
Qg6 21. Qh3 f5 22. Ne5 Nxe5 23. Rxe5 Bf6 24. Rexf5 Bd4+ 25. Kh1 Rxf5 26. Rxf5
Re8 27. Rf1 Bxb2 28. Qd7 b6 29. g3 Qe6 30. Qb7 Bg7 31. a4 c4 32. Rf4 cxd3 33.
cxd3 Rc8 34. Re4 Rc1+ 35. Kg2 Rc2+ 36. Kh1 Qc6 37. Qb8+ Kh7 38. Qf4 Qf6 39.
Qxf6 Bxf6 40. Re6 Kg6 41. h4 Rd2 42. Rd6 Kf5 43. a5 bxa5 44. g4+ Ke5 45. Ra6
Bd8 0-1

[Event "BL 8889 Bochum-Lasker"]
[Site "?"]
[Date "1988.??.??"]
[Round "?.5"]
[White "Junge, R."]
[Black "Vatter, H."]
[Result "1-0"]
[WhiteElo "2370"]
[BlackElo "2335"]
[PlyCount "71"]
[EventDate "1988.??.??"]

1. e4 c5 2. d4 cxd4 3. c3 dxc3 4. Nxc3 e6 5. Nf3 a6 6. Bc4 b5 7. Bb3 d6 8. O-O
Ra7 9. Qe2 Be7 10. Be3 Rd7 11. Nd4 Bf6 12. f4 Ne7 13. Bxe6 fxe6 14. Nxe6 Qa5
15. e5 dxe5 16. fxe5 Bxe5 17. Qf2 Ng6 18. Bb6 Qb4 19. Nd5 Qc4 20. Rac1 Qxd5 21.
Rxc8+ Ke7 22. Bc5+ Qxc5 23. Qxc5+ Kxe6 24. Qb6+ Ke7 25. Rxh8 Bd4+ 26. Qxd4 Rxd4
27. Rxb8 Rd2 28. Rb7+ Ke6 29. Rxg7 Rxb2 30. Rxh7 Rxa2 31. Rh6 b4 32. Rxg6+ Kd5
33. Rb6 a5 34. Rc1 Ra3 35. h4 b3 36. h5 1-0

[Event "BL 8889 Bochum-Lasker"]
[Site "?"]
[Date "1988.??.??"]
[Round "?.6"]
[White "Backwinkel, P."]
[Black "Simon, R."]
[Result "1-0"]
[WhiteElo "2315"]
[BlackElo "2285"]
[PlyCount "113"]
[EventDate "1988.??.??"]

1. d4 d5 2. Bf4 e6 3. e3 c5 4. c3 Bd6 5. Bxd6 Qxd6 6. f4 Ne7 7. Nd2 cxd4 8.
cxd4 O-O 9. Bd3 Nbc6 10. Ngf3 Bd7 11. a3 f6 12. b4 a6 13. O-O e5 14. dxe5 Qc7
15. exf6 Rxf6 16. Nb3 Re8 17. Nfd4 Nxd4 18. Nxd4 Nc6 19. Qh5 Rxe3 20. Qxh7+ Kf8
21. Qh8+ Kf7 22. Qh5+ Kf8 23. Nxc6 Qxc6 24. Rad1 Qb6 25. Kh1 Ba4 26. Rd2 Qe6
27. Re2 Be8 28. Qh8+ Kf7 29. Bh7 Ke7 30. Qxg7+ Bf7 31. Rxe3 Qxe3 32. f5 d4 33.
Bg6 d3 34. Bxf7 Rxf7 35. f6+ Ke8 36. Qh8+ Rf8 37. f7+ Ke7 38. Qf6+ Kd7 39. Qf5+
Ke7 40. Qf3 Qe2 41. Qxb7+ Ke6 42. Qxa6+ Ke5 43. Qf6+ Ke4 44. Rf4+ Ke3 45. Qd4+
Kd2 46. Rf2 Ke1 47. Qa1+ Kd2 48. Qf1 Ke3 49. Rxe2+ dxe2 50. Qc1+ Kd3 51. g4
Rxf7 52. Kg2 Re7 53. Qe1 Rd7 54. g5 Ke3 55. Qc1+ Rd2 56. Qc5+ Rd4 57. Qxd4+ 1-0

[Event "BL 8889 Bochum-Lasker"]
[Site "?"]
[Date "1988.??.??"]
[Round "?.7"]
[White "Breutigam, M."]
[Black "Ueter, H."]
[Result "1-0"]
[WhiteElo "2300"]
[BlackElo "2275"]
[PlyCount "60"]
[EventDate "1988.??.??"]

1. d4 Nf6 2. c4 c5 3. d5 e6 4. Nc3 d6 5. Nf3 g6 6. e4 Bg7 7. Bd3 O-O 8. h3 exd5
9. exd5 Re8+ 10. Be3 a6 11. O-O b5 12. cxb5 Nbd7 13. Qd2 Nb6 14. Bg5 Qd7 15.
bxa6 Bxa6 16. Bxa6 Rxa6 17. Rae1 Raa8 18. Rxe8+ Rxe8 19. Re1 Rxe1+ 20. Nxe1 Ne8
21. Qd3 Nc7 22. Nc2 f5 23. h4 Be5 24. h5 Qf7 25. hxg6 hxg6 26. Ne3 Bd4 27. Bf4
Qf6 28. Nb5 Nbxd5 29. Nxd5 Nxd5 30. Qc4 Qe6 1-0

[Event "BL 8889 Porz-Kreuzberg"]
[Site "?"]
[Date "1988.??.??"]
[Round "?.3"]
[White "Loeffler, S."]
[Black "Fedorowicz, J."]
[Result "1-0"]
[WhiteElo "2375"]
[BlackElo "2520"]
[PlyCount "51"]
[EventDate "1988.??.??"]

1. d4 Nf6 2. Nf3 e6 3. c4 c5 4. d5 exd5 5. cxd5 g6 6. Nc3 d6 7. Nd2 Bg7 8. e4
O-O 9. Be2 Nbd7 10. O-O Ne5 11. Re1 g5 12. Nf1 h6 13. Rb1 Ng6 14. b4 cxb4 15.
Rxb4 Nh5 16. Nb5 Nhf4 17. Ne3 Nxe2+ 18. Rxe2 a6 19. Nd4 Nh4 20. Bb2 Re8 21. Rc2
Rxe4 22. Ne6 Rxb4 23. Nxd8 Bxb2 24. Qh5 Kg7 25. Qxf7+ Kh8 26. Rc7 1-0

[Event "BL 8889 Porz-Kreuzberg"]
[Site "?"]
[Date "1988.??.??"]
[Round "?.4"]
[White "Schoen, W."]
[Black "Glienke, M."]
[Result "1-0"]
[WhiteElo "2430"]
[BlackElo "2295"]
[PlyCount "113"]
[EventDate "1988.??.??"]

1. e4 c5 2. Nf3 d6 3. d4 cxd4 4. Nxd4 Nf6 5. Nc3 g6 6. Be2 Bg7 7. O-O Nc6 8.
Nb3 O-O 9. Bg5 a6 10. a4 Be6 11. Kh1 Na5 12. f4 Rc8 13. f5 Bc4 14. e5 Bxe2 15.
Qxe2 Nxb3 16. exf6 exf6 17. cxb3 fxg5 18. Nd5 Rc5 19. Rad1 Be5 20. b4 Rc8 21.
Qd3 gxf5 22. Qxf5 Kg7 23. Ne3 f6 24. Qe4 Rc7 25. Rd3 Qe8 26. Nf5+ Kh8 27. Nxd6
Bxd6 28. Qxe8 Rxe8 29. Rxd6 Rf7 30. h4 h6 31. Rfxf6 Rxf6 32. Rxf6 Kg7 33. Rb6
Re7 34. hxg5 hxg5 35. Kh2 Kf8 36. Kg3 Ke8 37. Kg4 Rg7 38. Kf5 g4 39. g3 Kd8 40.
Rg6 Rd7 41. Rxg4 Rd3 42. Ke5 Rb3 43. Kd6 Rd3+ 44. Kc5 Kc7 45. Rg7+ Kb8 46. Kc4
Rd2 47. Kc3 Re2 48. g4 Re3+ 49. Kc4 Re4+ 50. Kc5 Re5+ 51. Kd4 Re2 52. b3 Rg2
53. g5 Rg3 54. Kc4 Ka7 55. a5 Rg4+ 56. Kc5 Rg3 57. b5 1-0

[Event "BL 8889 Porz-Kreuzberg"]
[Site "?"]
[Date "1988.??.??"]
[Round "?.5"]
[White "Lehmann, K."]
[Black "Fleck, J."]
[Result "1/2-1/2"]
[WhiteElo "2325"]
[BlackElo "2415"]
[PlyCount "112"]
[EventDate "1988.??.??"]

1. e4 e5 2. Nf3 Nc6 3. Bb5 a6 4. Bxc6 dxc6 5. O-O Qd6 6. d4 exd4 7. Qxd4 Qxd4
8. Nxd4 Bd7 9. Be3 O-O-O 10. Nd2 g6 11. N4b3 Bg7 12. Nc5 b6 13. Nxd7 Rxd7 14.
c3 Ne7 15. Rfe1 c5 16. Nf1 Nc6 17. Bf4 Re8 18. f3 Ne5 19. Bxe5 Bxe5 20. Rad1
Red8 21. Rxd7 Rxd7 22. g3 b5 23. f4 Bg7 24. e5 c4 25. Kf2 Bf8 26. Ke2 Bc5 27.
Nd2 h5 28. Ne4 Be7 29. Rf1 Rd5 30. Nd2 Kd7 31. Nf3 Kc6 32. Nd4+ Kb6 33. Ke3 c6
34. Ke4 f5+ 35. exf6 Bxf6 36. Nf3 Kc7 37. Rf2 Kd6 38. h3 Ke6 39. g4 hxg4 40.
hxg4 Rd1 41. a3 a5 42. Rd2 Rf1 43. g5 Bg7 44. Nh4 c5 45. Nxg6 Re1+ 46. Kf3 b4
47. cxb4 axb4 48. axb4 cxb4 49. Rc2 Kd5 50. f5 Bxb2 51. Nf4+ Ke5 52. Rxc4 Kxf5
53. Nd3 Rf1+ 54. Kg2 Rd1 55. Rc5+ Ke6 56. Nxb4 Ba3 1/2-1/2

[Event "BL 8889 Porz-Kreuzberg"]
[Site "?"]
[Date "1988.??.??"]
[Round "?.6"]
[White "Lutz, C."]
[Black "Federau, J."]
[Result "1/2-1/2"]
[WhiteElo "2380"]
[BlackElo "2300"]
[PlyCount "48"]
[EventDate "1988.??.??"]

1. d4 Nf6 2. c4 e6 3. Nc3 d5 4. Nf3 Be7 5. Bg5 O-O 6. e3 Nbd7 7. Rc1 c6 8. Bd3
h6 9. Bh4 dxc4 10. Bxc4 b5 11. Bd3 a6 12. e4 Nxe4 13. Bxe4 Bxh4 14. Bxc6 Ra7
15. O-O Rc7 16. Be4 Be7 17. Ne5 Nxe5 18. dxe5 Qxd1 19. Rcxd1 Rd8 20. g3 Rcd7
21. Rxd7 Rxd7 22. Rc1 Rc7 23. Rd1 Rd7 24. Rc1 Rc7 1/2-1/2

[Event "BL 8889 Porz-Kreuzberg"]
[Site "?"]
[Date "1988.??.??"]
[Round "?.7"]
[White "Tyrtania, M."]
[Black "Ostermeyer, P."]
[Result "1/2-1/2"]
[WhiteElo "2300"]
[BlackElo "2450"]
[PlyCount "22"]
[EventDate "1988.??.??"]

1. d4 Nf6 2. c4 e6 3. Nc3 Bb4 4. Qc2 d6 5. Nf3 Nbd7 6. Bg5 h6 7. Bh4 b6 8. e3
Bb7 9. Bd3 Qe7 10. O-O-O Bxc3 11. Qxc3 g5 1/2-1/2

[Event "BL 8889 Lasker-Porz"]
[Site "?"]
[Date "1988.??.??"]
[Round "?.1"]
[White "Hort, V."]
[Black "Brunner, L."]
[Result "1/2-1/2"]
[WhiteElo "2595"]
[BlackElo "2425"]
[PlyCount "106"]
[EventDate "1988.??.??"]

1. d4 Nf6 2. c4 e6 3. Nc3 Bb4 4. e3 O-O 5. Nge2 d5 6. a3 Be7 7. cxd5 Nxd5 8. g3
c5 9. Bg2 Nxc3 10. bxc3 Nd7 11. O-O Qc7 12. a4 Rb8 13. e4 b6 14. Be3 Bb7 15.
Qc1 Rbc8 16. Ra2 Rfd8 17. Rd1 h6 18. h3 Bf8 19. a5 Rb8 20. g4 bxa5 21. Qa1 cxd4
22. cxd4 Bb4 23. Bf4 Bd6 24. Bxd6 Qxd6 25. Rxa5 a6 26. Ng3 Qe7 27. Rb1 Nf6 28.
d5 Ne8 29. Qe5 Qd6 30. f4 Qxe5 31. fxe5 Nc7 32. Rb6 Na8 33. Rb4 Nc7 34. d6 Ne8
35. Nh5 f6 36. exf6 gxf6 37. e5 Bxg2 38. Rxb8 Rxb8 39. Kxg2 Rd8 40. Rxa6 fxe5
41. d7 Ng7 42. Nxg7 Kxg7 43. Ra7 Kf7 44. h4 Ke7 45. h5 Rxd7 46. Rxd7+ Kxd7 47.
g5 Ke7 48. g6 Kf6 49. Kf3 Kg7 50. Ke3 e4 51. Kf4 e3 52. Kxe3 e5 53. Kf3 e4+
1/2-1/2

[Event "BL 8889 Lasker-Porz"]
[Site "?"]
[Date "1988.??.??"]
[Round "?.2"]
[White "Berg, K."]
[Black "Christiansen, L."]
[Result "1/2-1/2"]
[WhiteElo "2385"]
[BlackElo "2550"]
[PlyCount "163"]
[EventDate "1988.??.??"]

1. e4 c5 2. Nc3 e6 3. f4 d5 4. Nf3 dxe4 5. Nxe4 Nf6 6. d3 Nc6 7. g3 Nxe4 8.
dxe4 Qxd1+ 9. Kxd1 b6 10. c3 Bb7 11. Bg2 Be7 12. Be3 Na5 13. Nd2 O-O-O 14. Kc2
Rd7 15. Rhg1 Rhd8 16. e5 h5 17. Bxb7+ Kxb7 18. Rad1 Kc6 19. b3 b5 20. c4 a6 21.
Rge1 Rd3 22. cxb5+ axb5 23. Nf3 Rxd1 24. Rxd1 Rxd1 25. Kxd1 Kd5 26. Ke2 Nc6 27.
Nd2 f6 28. Nb1 Nb4 29. Nc3+ Kc6 30. a4 bxa4 31. exf6 gxf6 32. Nxa4 f5 33. h3
Nc2 34. Kd3 Nxe3 35. Kxe3 Bf6 36. Kd3 Kb5 37. Kc2 c4 38. Nc3+ Kb4 39. Na2+ Kc5
40. Nc1 cxb3+ 41. Nxb3+ Kc4 42. Nc1 Kd4 43. Kd2 Ke4 44. Ke2 h4 45. Kf2 Bd4+ 46.
Kg2 hxg3 47. Ne2 Be3 48. Kxg3 Bd2 49. h4 Ke3 50. Ng1 Be1+ 51. Kg2 Kxf4 52. h5
Kg4 53. h6 Bc3 54. h7 Bh8 55. Nf3 e5 56. Kf2 Kf4 57. Nd2 Kg5 58. Nc4 Kf6 59.
Kg3 Bg7 60. Kh4 Kg6 61. Nd6 Bh8 62. Kg3 Kf6 63. Kf3 Ke6 64. Nc4 Bg7 65. Ne3 Kf6
66. Nc4 Kg6 67. Nd6 Kg5 68. Nf7+ Kf6 69. Nd6 Kg6 70. Ke3 Kf6 71. Ne8+ Kf7 72.
Nd6+ Ke6 73. Ne8 Bh8 74. Nc7+ Kf6 75. Kf3 Kg6 76. Nd5 Kg5 77. Nc7 Bg7 78. Nd5
e4+ 79. Ke3 Bb2 80. Ne7 Bg7 81. Nd5 Kg6 82. Kf4 1/2-1/2

[Event "BL 8889 Lasker-Porz"]
[Site "?"]
[Date "1988.??.??"]
[Round "?.3"]
[White "Fedorowicz, J."]
[Black "Fries Nielsen, J."]
[Result "1-0"]
[WhiteElo "2520"]
[BlackElo "2385"]
[PlyCount "105"]
[EventDate "1988.??.??"]

1. e4 e6 2. d4 d5 3. e5 b6 4. Nc3 Ne7 5. Nf3 Nbc6 6. h4 Bb7 7. h5 h6 8. Ne2 Qd7
9. Nf4 O-O-O 10. c3 Na5 11. Bd3 Kb8 12. a4 c5 13. dxc5 bxc5 14. b4 Nc4 15. b5
Qc7 16. Qe2 Na5 17. Rb1 Nc8 18. O-O Nb6 19. Bc2 Be7 20. Re1 Rc8 21. Nd2 Bd8 22.
Qg4 Be7 23. Nb3 Nbc4 24. Nxa5 Qxa5 25. Qg3 Bf8 26. Bb3 Ka8 27. Bxc4 dxc4 28.
Rd1 Qc7 29. a5 Qxa5 30. Rd7 Rc7 31. Rd8+ Rc8 32. Rxc8+ Bxc8 33. Be3 Qc7 34. Rd1
Bb7 35. Qg4 Kb8 36. Qe2 Be7 37. Qxc4 Rc8 38. Qa4 Rd8 39. Ra1 Qb6 40. c4 Rd7 41.
Qa3 Be4 42. f3 Bh7 43. Bf2 Rd2 44. Be3 Rd7 45. Kh2 Rd8 46. Qb2 Qb7 47. Ra6 Rd7
48. Qa3 Rc7 49. Qa5 Kc8 50. b6 axb6 51. Rxb6 Qa7 52. Ra6 Qb7 53. Ra8+ 1-0

[Event "BL 8889 Lasker-Porz"]
[Site "?"]
[Date "1988.??.??"]
[Round "?.4"]
[White "Muse, M."]
[Black "Schoen, W."]
[Result "1/2-1/2"]
[WhiteElo "2380"]
[BlackElo "2430"]
[PlyCount "39"]
[EventDate "1988.??.??"]

1. d4 Nf6 2. Nf3 g6 3. g3 Bg7 4. Bg2 c5 5. O-O O-O 6. c4 d6 7. Nc3 Nc6 8. d5
Na5 9. Qd3 a6 10. Rb1 b5 11. Nd2 Bd7 12. cxb5 axb5 13. b4 Nb7 14. Nxb5 Ng4 15.
Na3 cxb4 16. Rxb4 Nc5 17. Qc2 Qa5 18. Rb1 Na4 19. Ndc4 Qa6 20. Bd2 1/2-1/2

[Event "BL 8889 Lasker-Porz"]
[Site "?"]
[Date "1988.??.??"]
[Round "?.5"]
[White "Fleck, J."]
[Black "Junge, R."]
[Result "1/2-1/2"]
[WhiteElo "2415"]
[BlackElo "2370"]
[PlyCount "38"]
[EventDate "1988.??.??"]

1. e4 e6 2. d4 d5 3. Nc3 Nf6 4. e5 Nfd7 5. f4 c5 6. Nf3 Nc6 7. Be3 Qb6 8. Na4
Qa5+ 9. c3 c4 10. b4 Qc7 11. Be2 Be7 12. O-O O-O 13. Nb2 f5 14. Qd2 a5 15. b5
Nd8 16. a4 Nb6 17. Bf2 Bd7 18. Bh4 Be8 19. Nd1 Bxh4 1/2-1/2